Questioni di giurisprudenza tardo-republicana
Kaydedildi:
| Yazar: | |
|---|---|
| Materyal Türü: | Kitap |
| Dil: | İtalyanca |
| Baskı/Yayın Bilgisi: |
Milán
Dott. A. Giuffrè
1985
|
| Konular: | |
| Etiketler: |
Etiketle
Etiket eklenmemiş, İlk siz ekleyin!
|
MARC
| LEADER | 00000nam a2200000 a 4500 | ||
|---|---|---|---|
| 001 | UCP7218 | ||
| 003 | CL-VaPUC | ||
| 005 | 20210625001800.0 | ||
| 008 | 991203e19850000it 1 ita d | ||
| 082 | 0 | 4 | |a 340.54 |b ARC |2 21 |
| 100 | 1 | |a Archi, Gian Gualberto |e author |9 619649 | |
| 245 | 1 | 0 | |a Questioni di giurisprudenza tardo-republicana |
| 260 | |a Milán |b Dott. A. Giuffrè |c 1985 | ||
| 300 | |a 303 p | ||
| 583 | |a last modification |c 19991203 00:00:00 |k Rodrigo Vera | ||
| 600 | 1 | 7 | |a BRETONE, MARIO |2 CL-VaPUC |9 619650 |
| 600 | 1 | 7 | |a TALAMANCA, MARIO |2 CL-VaPUC |9 482371 |
| 600 | 0 | |a Bona, Ferdinando |e author |9 402604 | |
| 600 | 1 | 7 | |a CASAVOLA, FRANCO |2 CL-VaPUC |9 466134 |
| 600 | 1 | 7 | |a TONDO, SALVATORE |2 CL-VaPUC |9 619652 |
| 650 | 0 | 0 | |a Democracia |9 255256 |
| 650 | 0 | 0 | |a Jurisprudencia |9 255952 |
| 942 | |c BK | ||
| 945 | |a vberengu |d 19991203 00:00:00 | ||
| 546 | |a En Italiano | ||
| 536 | |a Università di Firenze | ||
| 518 | |p Questioni di Giurisprudenza tardo-repubblicana. Firenze, 27-28 de Maggio, 1983 | ||
| 999 | |c 383503 |d 383501 | ||
| 952 | |0 0 |1 0 |4 0 |6 340_540000000000000_ARC_1985 |7 0 |8 DER_ROM |9 505634 |a BIBDER |b BIBDER |d 2020-01-23 |i 3582485 |l 1 |o 340.54 ARC 1985 |p 3582485 |r 2023-01-25 |s 2020-03-16 |w 2020-01-23 |x Ubicación 4to piso |y BK |z Este recurso debe solicitarse con anticipación |k DER | ||